Wilayas of Algeria Updated - Statistics

General Stats
  • This quiz has been taken 70 times
  • The average score is 32 of 69
Answer Stats
Code Wilaya % Correct
16 Algiers
94%
06 Bejaia
94%
01 Adrar
81%
10 Bouira
81%
31 Oran
81%
19 Setif
81%
15 Tizi Ouzou
81%
23 Annaba
75%
02 Chlef
75%
08 Bechar
69%
09 Blida
69%
35 Boumerdes
69%
25 Constantine
69%
17 Djelfa
69%
18 Jijel
69%
13 Tlemcen
69%
56 Djanet
63%
27 Mostaganem
63%
11 Tamanrasset
63%
14 Tiaret
63%
37 Tindouf
63%
42 Tipaza
63%
05 Batna
56%
47 Ghardaia
56%
21 Skikda
56%
29 Mascara
50%
26 Medea
50%
43 Mila
50%
28 M'Sila
50%
48 Relizane
50%
20 Saida
50%
22 Sidi Bel Abbes
50%
46 Ain Temouchent
44%
32 El Bayadh
44%
24 Guelma
44%
33 Illizi
44%
40 Khenchela
44%
03 Laghouat
44%
30 Ouargla
44%
04 Oum El Bouaghi
44%
12 Tebessa
44%
49 Timimoun
44%
38 Tissemsilt
44%
44 Ain Defla
38%
07 Biskra
38%
45 Naama
38%
41 Souk Ahras
38%
58 El Menia
31%
39 El Oued
31%
55 Touggourt
31%
54 Ain Guezzam
25%
53 Ain Salah
25%
52 Beni Abbes
25%
50 Bordj Badji Mokhtar
25%
34 Bordj Bou Arreridj
25%
36 El Tarf
25%
63 Barika
19%
65 Bir El Ater
19%
64 Bou Saada
19%
57 El M'Ghair
19%
59 Aflou
13%
61 El Aricha
13%
62 El Kantara
13%
67 Ksar Chellala
13%
66 Ksar El Boukhari
13%
69 Messaad
13%
68 Ain Oussara
6%
60 El Adiodh Sidi Cheikh
6%
51 Oued Djellal
6%
No matching quizzes found
Score Distribution
Percent of People with Each Score
Percentile by Number Answered
Your Score History
You have not taken this quiz